| 000 | 00000nam##2200000za#4500 |
| 001 | 9.600320 |
| 003 | CaOODSP |
| 005 | 20210624205523 |
| 007 | cr ||||||||||| |
| 008 | 150406|1998||||xxc|||||o f|0| 0 fre|d |
| 040 | |aCaOODSP|bfre |
| 043 | |an-cn--- |
| 086 | 1 |aBT31-4/70-1998F-PDF |
| 110 | 1 |aCanada. |bConseil du trésor. |
| 245 | 10|aCommission des plaintes du public contre la GRC, rapport sur le rendement pour la période se terminant le 31 mars 1998 |h[ressource électronique] |
| 246 | 3 |aCommission des plaintes du public contre la GRC, rapport de rendement pour la période se terminant le 31 mars 1998 |
| 260 | |aOttawa - Ontario : |bSecrétariat du Conseil du Trésor du Canada |c[1998]. |
| 300 | |a30p.|bfigures en couleur, graphiques, organigramme, tableaux |
| 490 | 1 |aRapport sur le rendement pour la période se terminant le 31 mars 1998 |vPour la période se terminant le 31 mars 1998 |
| 500 | |aLe n° de catalogue (BT31-4/70-1998) et l’ISBN (0-660-60736-0) de l'édition imprimée bilingue ont été incorrectement copiés dans cette édition électronique. |
| 590 | |a11-04-Supp|b2011-02-17 |
| 775 | 08|tRCMP Public Complaints Commission, performance report for the period ending March 31, 1998 |w(CaOODSP)9.568922 |
| 776 | 0#|tRCMP Public Complaints Commission|w(CaOODSP)9.531142 |
| 776 | 0#|tCommission des plaintes du public contre la GRC|w(CaOODSP)9.531143 |
| 830 | #0|aRapport sur le rendement pour la période se terminant le 31 mars 1998 ;|vPour la période se terminant le 31 mars 1998|w(CaOODSP)9.502654 |
| 856 | 40|ahttp://publications.gc.ca|qPDF|s204 Ko|uhttps://publications.gc.ca/collections/Collection/BT31-4-70-1998F.pdf|yPour la période se terminant le 31 mars 1998 |